000 00359nam a2200157Ia 4500
001 18439
003 Ost
005 20260507155637.0
008 251113s9999||||xx |||||||||||||| ||eng||
040 _cnitttr
041 _aeng
082 _a620.106
_bR18F
100 _aRao, N. S. Govinda
245 0 _aFluid flow machines. /
_cRao, N. S. Govinda
942 _cBK
999 _c18282
_d18282